| 000 | 00803nam a2200229Ii 4500 | ||
|---|---|---|---|
| 003 | JO-AjNU | ||
| 008 | 230605s9999||||xx |||||||||||||| ||und|| | ||
| 017 | _a1987/153 | ||
| 040 |
_aJO-AjNU _bara _erda _cJO-AjNU |
||
| 041 | _aara | ||
| 050 | 1 | 4 | _aBF38.O5312 1987 |
| 100 | 3 |
_aأونيل، و.م ؛ ترجمة شاكر عبد الحميد ؛ مراجعة عاهد حسني العاني, _eauthor _952645 |
|
| 245 | 0 | 0 | _aبدايات علم النفس الحديث |
| 250 | _aط1 | ||
| 264 | 3 | 1 | _aبغداد: دار الشؤون الثقافية العامة، 1987 |
| 300 | _a209ص | ||
| 336 |
_atext _btxt _2rdacontent |
||
| 337 |
_aunmediated _bn _2rdamedia |
||
| 338 |
_avolume _bnc _2rdacarrier |
||
| 490 | 0 | _aسلسلة المائة كتاب | |
| 650 | 4 |
_aعلم النفس- تاريخ _952646 |
|
| 999 |
_aA23333 _c26901 _d26901 |
||